Catch Fire - 5 Seconds of Summer (All Lyrics) - Statistics

General Stats
  • This quiz has been taken 152 times
  • The average score is 206 of 240
Answer Stats
Catch Fire % Correct
catch
100%
fire
100%
I
100%
you
100%
your
100%
a
99%
be
97%
can
97%
the
97%
Bridge The
97%
to
97%
When
97%
Chorus All
96%
I'll
96%
who
96%
and
94%
my
94%
for
93%
I've
93%
life
93%
mind
93%
world
93%
been
91%
but
91%
But
91%
change
91%
is
91%
like
91%
right
91%
see?
91%
can't
90%
come
90%
i'm
90%
I'm
90%
moments
90%
waiting
90%
maybe
88%
Maybe
88%
not
87%
say
87%
things
87%
This
87%
this
87%
will
87%
sun
85%
time
85%
get
84%
it
84%
know?
84%
know
84%
over
84%
do
82%
fight
82%
fix
82%
of
82%
Verse 1 | Verse 2 Oh
82%
So
81%
so
81%
Without
81%
in
79%
killing
79%
man
79%
nobody
79%
supposed
79%
does
78%
how
78%
one
78%
show
78%
win
78%
me
76%
out
76%
up
75%
fool
69%
feel?
68%
broken
66%
tried
65%
Tried
65%
lost
63%
Now
63%
desperately
62%
eyes
60%
sorry
60%
stereo
60%
surreal?
60%
alone
57%
ghost
57%
sea
57%
love
54%
swirling
54%
that
53%
unkind
53%
wash
53%
first
51%
deceive
50%
degree
50%
Cause
49%
speak
47%
surrounding
47%
air
46%
breathe
46%
guilt
46%
words
46%
survivor's
43%
haunting
41%
No matching quizzes found
Score Distribution
Percent of People with Each Score
Percentile by Number Answered
Your Score History
You have not taken this quiz